000 00866nam a2200205 i 4500
001 170789
003 ES-MaACL
005 20250808062743.0
008 090406s1953 sp |||| | spa d
100 0 _aFrancisco de Sales
_cSanto.
_952194
245 1 0 _aObras selectas de San Francisco de Sales.
_nI /
_cpreparadas sobre la edición típica de las "Obras completas" de Annecy por Francisco de la Hoz.
260 _aMadrid :
_bEditorial Católica,
_c1953.
300 _aXIX, 798 p. ;
_c20 cm.
490 1 _aBiblioteca de autores cristianos ;
_v109
505 8 _aContiene : Introducción a la vida devota ; Sermones escogidos ; Conversaciones espirituales ; Alocución al Cabildo Catedral de Ginebra
700 1 _aHoz, Francisco de la.
_9139744
830 1 0 _aBiblioteca de autores cristianos
_v109
_9178679
852 _aES-MaACL
_jJ-107
999 _c170789
_d170789